| 000 | 01455nam0a2200373 4500 | ||
|---|---|---|---|
| 001 | RU\NLR\bibl\1745030 | ||
| 005 | 20250616114217.0 | ||
| 010 |
_a978-5-8037-0508-6 _9500 |
||
| 021 |
_aRU _b2011-9459 _9673 |
||
| 035 | _a(nilc)RSL-KNO-004893514 | ||
| 035 | _a(NLR Aleph) 001735930 | ||
| 090 |
_a1428979 _c1428979 |
||
| 100 | _a20110221d2011 |||y0rusy50 ca | ||
| 101 | 0 | _arus | |
| 102 | _aRU | ||
| 105 | _ay ||||||||| | ||
| 200 | 1 |
_aСреднестатусный учащийся _eонтогенетический аспект анализа _fМ.Е. Сачкова _gМоск. гор. психол.-пед. ун-т, Фак. социал. психологии |
|
| 210 |
_aМосква _cЯнус-К _d2011 |
||
| 215 |
_a157 с. _d21 |
||
| 300 | _aБиблиогр.: с. 149-155 (77 назв.) | ||
| 606 | 1 |
_aУчащиеся _xПедагогическое изучение _92581408 _3RU\NLR\auth\661526009 |
|
| 606 | 1 |
_aУченический коллектив _xМежличностные отношения _92194564 _3RU\NLR\auth\661319047 |
|
| 686 |
_aЧ31,6(2)43,0 _2rubbk |
||
| 686 | _aЧ312.11 | ||
| 686 | _aС550.55 | ||
| 700 | 1 |
_aСачкова _bМ. Е. _gМарианна Евгеньевна _4070 |
|
| 801 | 0 |
_aRU _bRuMoRKP _c20110221 _grcr |
|
| 801 | 1 |
_aRU _bRuMoRGB _c20110221 |
|
| 801 | 2 |
_aRU _bNLR _c20110311 _grcr |
|
| 830 | _aавт. раскрыт по кн. | ||
| 942 | _cBOOK | ||
| 980 | _aNB | ||
| 980 | _aNBR | ||